Senior Art centrum

Salvato in:
Dettagli Bibliografici
Autore principale: Lesná, Radoslava (Autore)
Altri autori: Botek, Andrej (Relatore della tesi)
Natura: Manoscritto Libro
Lingua:slovacco
inglese
Pubblicazione: Bratislava 2017
Soggetti:
Accesso online:http://is.stuba.sk/zp/portal_zp.pl?podrobnosti=102358
Tags: Aggiungi Tag
Nessun Tag, puoi essere il primo ad aggiungerne!!

MARC

LEADER 00000ntm a22000003a 4500
001 stuzp63827
003 SK-STU
005 20210202095800.2
007 ta
008 150427s2015----xo-----f-mn---000-0-slo-d
040 |a STU  |b slo 
041 0 |a eng 
100 1 |a Lesná, Radoslava  |u 053130  |4 aut  |U FAD Fakulta architektúry  |T FA Ústav dejín a teórie architektúry a obnovy pamiatok  |X 61647  |U A3130  |Y 394  |7 61647 
242 0 1 |a Senior Art centrum  |y slo 
245 1 0 |a Senior Art centrum 
260 |c 2017  |a Bratislava 
650 4 |a senior art centrum  |2 slo 
650 4 |a umenie  |2 slo 
650 4 |a pavilón  |2 slo 
650 4 |a senior art centre  |2 eng 
650 4 |a art  |2 eng 
650 4 |a pavilion  |2 eng 
700 1 |a Botek, Andrej  |u 053130  |k Z2  |4 ths  |U FAD Fakulta architektúry  |T FA Ústav dejín a teórie architektúry a obnovy pamiatok  |X 351  |U A3130  |Y 394  |7 A000000351 
856 4 |u http://is.stuba.sk/zp/portal_zp.pl?podrobnosti=102358  |u https://opac.crzp.sk/?fn=detailBiblioForm&sid=85D30AFD358849054394BD4E20A9